Las órdenes militares portuguesas de San Benito de Avis, del Ala de San Miguel, de Santiago de la Espada y de Nuestro Señor Jesucristo (Record no. 42298)

MARC details
000 -LEADER
campo de control de longitud fija 00747nam a2200181 i 4500
001 - NÚMERO DE CONTROL
campo de control 42298
003 - IDENTIFICADOR DE NÚMERO DE CONTROL
campo de control ES-MaACL
005 - FECHA Y HORA DE LA ÚLTIMA TRANSACCIÓN
campo de control 20230906160602.0
007 - CAMPO FIJO DE DESCRIPCIÓN FÍSICA--INFORMACIÓN GENERAL
campo de control de longitud fija t|
008 - DATOS DE LONGITUD FIJA--INFORMACIÓN GENERAL
campo de control de longitud fija 030313s1872 sp ||||1| spa d
080 ## - NÚMERO DE LA CLASIFICACIÓN DECIMAL UNIVERSAL
Número de la Clasificación Decimal Universal 929.71(469)
100 1# - ENTRADA PRINCIPAL--NOMBRE DE PERSONA
Nombre de persona Castillo y Alba, Enrique del.
9 (RLIN) 36773
245 14 - MENCIÓN DEL TÍTULO
Título Las órdenes militares portuguesas de San Benito de Avis, del Ala de San Miguel, de Santiago de la Espada y de Nuestro Señor Jesucristo
Resto del título : estudio histórico /
Mención de responsabilidad, etc. Enrique del Castillo y Alba.
260 ## - PUBLICACIÓN, DISTRIBUCIÓN, ETC.
Lugar de publicación, distribución, etc. Madrid :
Nombre del editor, distribuidor, etc. [s.n.],
Fecha de publicación, distribución, etc. 1872 (
Fabricante Tip. del Colegio Nacional de Sordo-Mudos y de Ciegos)
300 ## - DESCRIPCIÓN FÍSICA
Extensión 45, [4] p. ;
Dimensiones 17 cm.
650 #4 - PUNTO DE ACCESO ADICIONAL DE MATERIA--TÉRMINO DE MATERIA
Término de materia o nombre geográfico como elemento de entrada Ordenes militares-
Subdivisión geográfica Portugal.
9 (RLIN) 138904
852 4# - LOCALIZACIÓN
Ubicación ES-MaACL
Número de control de estantería T-149-F-3
Nota libre - Dedicatoria autógrafa del autor
Holdings
Estatus retirado Estado de pérdida Estado de daño No para préstamo Colección Biblioteca de origen Biblioteca actual Ubicación en estantería Fecha de adquisición Fuente de adquisición Total de préstamos Signatura topográfica completa Código de barras Visto por última vez Precio de reemplazo Tipo de ítem Koha
        Colección de folletos Biblioteca del Ateneo de Madrid Biblioteca del Ateneo de Madrid Depósito 17/01/2008     T-149-F-3 1044514 23/02/2023 23/02/2023 Folleto